000 00528nam a2200193Ia 4500
008 120822t2006 xxu||||| |||| 00| 0 sin d
041 _asin
080 _a8-31 (eng)
_bSTE
100 _aStevenson,R.L
245 _aළමා කොල්ලය
246 _aLama Kollaya
260 _aGunasena
_aColombo
_c2006
300 _b260p, 18 cm
500 _aSinhalese Translation of R.L Stevenson's of Kidnapped
700 _aPathirage Padmasena
_etr.
942 _cBK
999 _c41224
_d41224
003 LK-CoDNM
040 _aLK-CoDNM
_dLK-CoDNM
_eLK-CoDNM